[Event "Gold Coast Masters U18"]
[Site "Gold Coast"]
[Date "2005.03.01"]
[Round "5"]
[White "Tan, Maxine"]
[Black "Kimura, Mikio"]
[Result "0-1"]
[WhiteElo "926"]
[BlackElo "893"]
[PlyCount "124"]
[EventDate "2005.02.01"]
[EventType "swiss"]
[EventRounds "5"]
[EventCountry "AUS"]
[SourceTitle "EXT 2010"]
[Source "ChessBase"]
[SourceDate "2010.11.25"]
[SourceVersion "1"]
[SourceVersionDate "2010.11.25"]
[SourceQuality "1"]

1. d4 d5 2. c4 dxc4 3. e4 e5 4. Nf3 Nc6 5. Be3 Bg4 6. Bxc4 Bxf3 7. Qxf3 Nf6 8. 0-0 exd4 9. Bg5 Ne5 10. Qb3 b6 11. Bb5+ c6 12. Be2 Be7 13. Nd2 0-0 14. Qg3 Ng6 15. Qh3 Nd7 16. Bd3 Bxg5 17. g3 Bxd2 18. Rad1 Bg5 19. Rfe1 Nde5 20. Be2 d3 21. Bh5 Ne7 22. f4 d2 23. Re2 Nd3 24. Rexd2 c5 25. Rxd3 Qc8 26. Bg4 Qa6 27. fxg5 Qxa2 28. Rd7 Ng6 29. Qh5 Qxb2 30. Bf5 Qc3 31. R7d3 Qc2 32. R3d2 Qc4 33. e5 Rfe8 34. Rc2 Qb3 35. Re1 Qd5 36. Bg4 Nxe5 37. Bf5 Nf3+ 38. Kf2 Rxe1 39. Qxf3 Rf1+ 40. Kxf1 Qxf3+ 41. Rf2 Qh1+ 42. Ke2 Re8+ 43. Kd2 Qe1+ 44. Kd3 Rd8+ 45. Kc4 Qxf2 46. Kc3 Rd4 47. Bd3 Qe3 48. Kc2 Qxd3+ 49. Kb2 Rc4 50. h4 Qb3+ 51. Kxb3 Rb4+ 52. Kc3 a5 53. h5 a4 54. g6 fxg6 55. hxg6 hxg6 56. g4 a3 57. g5 a2 58. Kd3 a1Q 59. Ke3 Qd4+ 60. Kf3 Rb3+ 61. Kg2 Qd2+ 62. Kf1 Rb1# 0-1

[Event "Gold Coast Masters U18"]
[Site "Gold Coast"]
[Date "2005.02.15"]
[Round "3"]
[White "Weitenberg, Zane"]
[Black "Tan, Maxine"]
[Result "1-0"]
[WhiteElo "1073"]
[BlackElo "926"]
[PlyCount "60"]
[EventDate "2005.02.01"]
[EventType "swiss"]
[EventRounds "5"]
[EventCountry "AUS"]
[SourceTitle "EXT 2010"]
[Source "ChessBase"]
[SourceDate "2010.11.25"]
[SourceVersion "1"]
[SourceVersionDate "2010.11.25"]
[SourceQuality "1"]

1. e4 e5 2. Nf3 Nc6 3. Bc4 Bc5 4. 0-0 d6 5. h3 Bd7 6. d3 h6 7. Be3 Bxe3 8. fxe3 Nf6 9. Nc3 Qe7 10. Nd5 Nxd5 11. Bxd5 Nb4 12. Bc4 Be6 13. Bb3 Bxb3 14. axb3 0-0 15. Qd2 c6 16. Qxb4 Qd7 17. Qe1 d5 18. Nxe5 Qe6 19. d4 dxe4 20. Qc3 c5 21. Qc4 cxd4 22. Qxe6 fxe6 23. Rxf8+ Rxf8 24. exd4 Rf4 25. Rf1 Rxf1+ 26. Kxf1 g5 27. Ke2 Kg7 28. Ke3 Kf6 29. Kxe4 a6 30. g4 Ke7 1-0

[Event "Gold Coast Masters U18"]
[Site "Gold Coast"]
[Date "2005.02.01"]
[Round "1"]
[White "Thompson, Cameron"]
[Black "Tan, Maxine"]
[Result "1-0"]
[WhiteElo "1234"]
[BlackElo "926"]
[PlyCount "81"]
[EventDate "2005.02.01"]
[EventType "swiss"]
[EventRounds "5"]
[EventCountry "AUS"]
[SourceTitle "EXT 2010"]
[Source "ChessBase"]
[SourceDate "2010.11.25"]
[SourceVersion "1"]
[SourceVersionDate "2010.11.25"]
[SourceQuality "1"]

1. d4 d5 2. c4 c6 3. e4 dxe4 4. f3 exf3 5. Nxf3 Nf6 6. Nc3 e6 7. Be2 Bb4 8. Bd2 0-0 9. a3 Bxc3 10. Bxc3 Re8 11. Qd3 Nh5 12. Qe3 Qf6 13. 0-0 Nf4 14. Bd3 Nxd3 15. Qxd3 b5 16. b3 Ba6 17. a4 bxc4 18. bxc4 Nd7 19. d5 Qf4 20. Nd2 Ne5 21. Bxe5 Qxe5 22. dxc6 Rad8 23. Qc2 Qc5+ 24. Rf2 Qxc6 25. Raf1 Qc5 26. Kh1 Rf8 27. Rf4 f6 28. Ne4 f5 29. Nxc5 Rd6 30. Nxa6 Rxa6 31. Qb3 Rd6 32. c5 Rc6 33. Qb5 Rcc8 34. c6 e5 35. Qxe5 Rxc6 36. Qd5+ Kh8 37. Qxc6 h6 38. Qg6 a5 39. Rxf5 Rg8 40. Rf8 Rxf8 41. Rxf8# 1-0